[Event "Team men PL final"]
[Site "Sochi"]
[Date "2018.05.07"]
[Round "6.14"]
[White "Inarkiev, Ernesto"]
[Black "Looshnikov, Nikolai"]
[Result "1-0"]
[BlackElo "2435"]
[WhiteElo "2686"]
[LiveChessVersion "1.4.8"]

1. c4 {[%clk 1:30:38]} Nf6 {[%clk 1:28:49]} 2. Nc3 {[%clk 1:30:59]} e5
{[%clk 1:28:10]} 3. Nf3 {[%clk 1:31:20]} Nc6 {[%clk 1:28:35]} 4. g3
{[%clk 1:31:45]} Bb4 {[%clk 1:27:19]} 5. Bg2 {[%clk 1:32:10]} O-O
{[%clk 1:26:43]} 6. O-O {[%clk 1:32:29]} Bxc3 {[%clk 1:26:30]} 7. bxc3
{[%clk 1:32:51]} e4 {[%clk 1:23:27]} 8. Ng5 {[%clk 1:32:51]} Re8 {[%clk 1:22:28]}
9. f3 {[%clk 1:33:12]} exf3 {[%clk 1:20:56]} 10. Nxf3 {[%clk 1:32:19]} Qe7
{[%clk 1:16:56]} 11. e3 {[%clk 1:26:57]} d6 {[%clk 1:06:28]} 12. d3
{[%clk 1:24:05]} Ng4 {[%clk 0:57:44]} 13. e4 {[%clk 1:22:05]} Nge5
{[%clk 0:57:12]} 14. Nd4 {[%clk 1:15:43]} Bg4 {[%clk 0:55:59]} 15. Qc2
{[%clk 1:14:34]} Qd7 {[%clk 0:55:12]} 16. Nf5 {[%clk 1:07:48]} Ne7
{[%clk 0:52:43]} 17. Ne3 {[%clk 0:59:15]} Bh3 {[%clk 0:51:51]} 18. Rb1
{[%clk 0:59:36]} Bxg2 {[%clk 0:46:08]} 19. Kxg2 {[%clk 0:59:59]} b6
{[%clk 0:43:15]} 20. Qd1 {[%clk 0:58:51]} f6 {[%clk 0:35:57]} 21. Rb2
{[%clk 0:56:27]} c6 {[%clk 0:29:50]} 22. d4 {[%clk 0:47:56]} Nf7 {[%clk 0:29:21]}
23. Qd3 {[%clk 0:47:50]} Ng5 {[%clk 0:23:35]} 24. Re2 {[%clk 0:38:13]} h6
{[%clk 0:09:22]} 25. Nd1 {[%clk 0:33:02]} Qh3+ {[%clk 0:05:58]} 26. Kg1
{[%clk 0:33:24]} Qh5 {[%clk 0:04:05]} 27. h4 {[%clk 0:31:03]} Nf7
{[%clk 0:04:03]} 28. Ne3 {[%clk 0:29:31]} b5 {[%clk 0:04:05]} 29. cxb5
{[%clk 0:22:38]} Qxb5 {[%clk 0:04:25]} 30. c4 {[%clk 0:23:01]} Qa6
{[%clk 0:04:21]} 31. Ba3 {[%clk 0:19:01]} Rad8 {[%clk 0:04:03]} 32. Ng4
{[%clk 0:17:17]} d5 {[%clk 0:00:56]} 33. Nxf6+ {[%clk 0:12:28]} gxf6
{[%clk 0:01:16]} 34. exd5 {[%clk 0:12:55]} c5 {[%clk 0:00:33]} 35. Bxc5
{[%clk 0:12:14]} Ne5 {[%clk 0:00:50]} 36. dxe5 {[%clk 0:08:52]} Rxd5
{[%clk 0:00:48]} 37. exf6 {[%clk 0:06:37]} Rf8 1-0

[Event "Team men PL final"]
[Site "Sochi"]
[Date "2018.05.07"]
[Round "6.15"]
[White "Drygalov, Andrey"]
[Black "Grachev, Boris"]
[Result "1-0"]
[BlackElo "2647"]
[WhiteElo "2431"]
[LiveChessVersion "1.4.8"]

1. e4 {[%clk 1:30:58]} c5 {[%clk 1:30:52]} 2. Nf3 {[%clk 1:31:22]} e6
{[%clk 1:31:19]} 3. d4 {[%clk 1:31:49]} cxd4 {[%clk 1:31:46]} 4. Nxd4
{[%clk 1:32:16]} Nc6 {[%clk 1:32:12]} 5. Nc3 {[%clk 1:32:43]} a6 {[%clk 1:32:37]}
6. Be3 {[%clk 1:33:08]} Nf6 {[%clk 1:32:25]} 7. Qf3 {[%clk 1:29:55]} Qc7
{[%clk 1:23:10]} 8. O-O-O {[%clk 1:30:00]} Ne5 {[%clk 1:21:18]} 9. Qg3
{[%clk 1:30:19]} b5 {[%clk 1:19:00]} 10. f4 {[%clk 1:29:29]} Neg4
{[%clk 1:18:24]} 11. Bg1 {[%clk 1:28:59]} b4 {[%clk 1:15:11]} 12. Na4
{[%clk 1:28:43]} h5 {[%clk 1:13:14]} 13. e5 {[%clk 1:24:34]} Nd5 {[%clk 1:12:34]}
14. h3 {[%clk 1:24:38]} Nh6 {[%clk 1:08:48]} 15. f5 {[%clk 1:25:00]} Bb7
{[%clk 0:48:50]} 16. Bd3 {[%clk 1:21:18]} Bc6 {[%clk 0:38:26]} 17. Nxc6
{[%clk 1:04:39]} Qxc6 {[%clk 0:38:15]} 18. fxe6 {[%clk 0:53:08]} dxe6
{[%clk 0:38:31]} 19. b3 {[%clk 0:53:05]} g6 {[%clk 0:35:56]} 20. Qf3
{[%clk 0:41:02]} Nf5 {[%clk 0:27:07]} 21. g4 {[%clk 0:25:23]} Nfe7
{[%clk 0:15:10]} 22. Be4 {[%clk 0:19:51]} Bh6+ {[%clk 0:14:06]} 23. Kb1
{[%clk 0:19:20]} Rc8 {[%clk 0:12:00]} 24. Bd4 {[%clk 0:19:00]} h4
{[%clk 0:08:17]} 25. Rhf1 {[%clk 0:12:04]} O-O {[%clk 0:08:39]} 26. Qf2
{[%clk 0:09:28]} Bg5 {[%clk 0:08:24]} 27. Rd3 {[%clk 0:07:12]} Qc7
{[%clk 0:06:01]} 28. Bb2 {[%clk 0:07:18]} Rcd8 {[%clk 0:01:08]} 29. Qc5
{[%clk 0:03:51]} Qxc5 {[%clk 0:00:58]} 30. Nxc5 {[%clk 0:04:15]} a5
{[%clk 0:00:40]} 31. Nb7 {[%clk 0:04:12]} Ra8 {[%clk 0:00:35]} 32. Nd6
{[%clk 0:04:09]} Ra7 {[%clk 0:00:33]} 33. Rdf3 {[%clk 0:04:14]} Nc6
{[%clk 0:00:34]} 34. Bxd5 {[%clk 0:01:22]} exd5 {[%clk 0:01:03]} 35. e6
{[%clk 0:01:44]} f6 {[%clk 0:01:03]} 36. Nf7 {[%clk 0:01:15]} Re8
{[%clk 0:00:40]} 37. Nxg5 {[%clk 0:01:28]} fxg5 {[%clk 0:01:06]} 38. Rf6
{[%clk 0:01:46]} d4 {[%clk 0:00:58]} 39. Rxg6+ {[%clk 0:00:41]} Kh7
{[%clk 0:00:46]} 40. Rff6 {[%clk 0:30:36]} Rg7 {[%clk 0:30:32]} 41. Rh6+
{[%clk 0:28:13]} Kg8 {[%clk 0:27:18]} 42. Bc1 {[%clk 0:26:24]} Ne7
{[%clk 0:11:32]} 43. Rh5 {[%clk 0:26:12]} Rg6 {[%clk 0:11:15]} 44. Bxg5
{[%clk 0:24:23]} Rf8 {[%clk 0:09:57]} 1-0

[Event "Team men PL final"]
[Site "Sochi"]
[Date "2018.05.07"]
[Round "6.16"]
[White "Zvjaginsev, Vadim"]
[Black "Gutenev, Alexander"]
[Result "1-0"]
[BlackElo "2474"]
[WhiteElo "2625"]
[LiveChessVersion "1.4.8"]

1. Nf3 {[%clk 1:30:51]} Nf6 {[%clk 1:30:51]} 2. g3 {[%clk 1:31:02]} g6
{[%clk 1:31:16]} 3. Bg2 {[%clk 1:31:13]} Bg7 {[%clk 1:31:39]} 4. O-O
{[%clk 1:31:31]} O-O {[%clk 1:31:52]} 5. d4 {[%clk 1:31:44]} d5 {[%clk 1:32:14]}
6. c3 {[%clk 1:32:01]} c6 {[%clk 1:25:24]} 7. Nbd2 {[%clk 1:32:01]} Nbd7
{[%clk 1:23:51]} 8. Re1 {[%clk 1:31:15]} Re8 {[%clk 1:20:06]} 9. e4
{[%clk 1:30:48]} dxe4 {[%clk 1:18:56]} 10. Nxe4 {[%clk 1:30:44]} Nxe4
{[%clk 1:12:31]} 11. Rxe4 {[%clk 1:31:08]} c5 {[%clk 1:07:16]} 12. Re1
{[%clk 1:24:22]} cxd4 {[%clk 0:56:57]} 13. Nxd4 {[%clk 1:24:09]} a6
{[%clk 0:45:03]} 14. Nc2 {[%clk 1:23:19]} Qc7 {[%clk 0:35:07]} 15. Nb4
{[%clk 1:15:00]} Nf6 {[%clk 0:34:00]} 16. Bg5 {[%clk 1:13:15]} Be6
{[%clk 0:29:49]} 17. Rxe6 {[%clk 1:10:16]} fxe6 {[%clk 0:30:02]} 18. Qb3
{[%clk 1:10:26]} a5 {[%clk 0:27:42]} 19. Bf4 {[%clk 0:59:10]} Qb6
{[%clk 0:20:57]} 20. Re1 {[%clk 0:55:38]} Kh8 {[%clk 0:18:19]} 21. Rxe6
{[%clk 0:50:34]} Qb5 {[%clk 0:17:28]} 22. a4 {[%clk 0:37:54]} Qf5
{[%clk 0:15:59]} 23. Nc2 {[%clk 0:35:36]} Nd7 {[%clk 0:15:59]} 24. Re2
{[%clk 0:31:02]} Nc5 {[%clk 0:12:53]} 25. Qc4 {[%clk 0:26:22]} Rac8
{[%clk 0:11:06]} 26. Be3 {[%clk 0:24:36]} Qd3 {[%clk 0:07:12]} 27. Qxd3
{[%clk 0:24:02]} Nxd3 {[%clk 0:07:39]} 28. Na3 {[%clk 0:21:05]} Rc7
{[%clk 0:02:49]} 29. Bb6 {[%clk 0:18:17]} Rd7 {[%clk 0:02:58]} 30. Nc4
{[%clk 0:18:04]} Nc1 {[%clk 0:02:27]} 31. Re1 {[%clk 0:17:48]} Nb3
{[%clk 0:02:23]} 32. h4 {[%clk 0:12:33]} Bf6 {[%clk 0:02:12]} 33. Bh3
{[%clk 0:07:02]} Rd5 {[%clk 0:01:06]} 34. Be6 {[%clk 0:05:39]} Rd3
{[%clk 0:01:34]} 35. Kg2 {[%clk 0:04:59]} Ra8 {[%clk 0:01:27]} 36. Ne5
{[%clk 0:03:18]} Bxe5 {[%clk 0:01:00]} 37. Rxe5 {[%clk 0:03:44]} Nd2
{[%clk 0:00:58]} 38. Re3 {[%clk 0:03:02]} Rd6 {[%clk 0:00:44]} 39. Bc7
{[%clk 0:01:59]} Raa6 {[%clk 0:00:40]} 40. Ba2 {[%clk 0:31:01]} e6
{[%clk 0:30:32]} 41. Bxd6 {[%clk 0:30:10]} Rxd6 {[%clk 0:28:53]} 42. Rxe6
{[%clk 0:28:17]} Rxe6 {[%clk 0:27:33]} 43. Bxe6 {[%clk 0:28:43]} Ne4
{[%clk 0:27:59]} 44. Bd5 {[%clk 0:28:56]} Nc5 {[%clk 0:28:22]} 45. b4
{[%clk 0:28:02]} axb4 {[%clk 0:28:49]} 46. cxb4 {[%clk 0:28:27]} Nxa4
{[%clk 0:29:14]} 47. Bxb7 {[%clk 0:28:53]} 1-0

[Event "Team men PL final"]
[Site "Sochi"]
[Date "2018.05.07"]
[Round "6.17"]
[White "Drygalov, Sergey"]
[Black "Popov, Ivan"]
[Result "1/2-1/2"]
[BlackElo "2610"]
[WhiteElo "2418"]
[LiveChessVersion "1.4.8"]

1. d4 {[%clk 1:30:58]} Nf6 {[%clk 1:30:46]} 2. c4 {[%clk 1:31:24]} e6
{[%clk 1:31:08]} 3. Nf3 {[%clk 1:31:50]} d5 {[%clk 1:31:31]} 4. g3
{[%clk 1:31:57]} dxc4 {[%clk 1:31:24]} 5. Bg2 {[%clk 1:31:44]} Bd7
{[%clk 1:31:41]} 6. Ne5 {[%clk 1:28:51]} Bc6 {[%clk 1:31:23]} 7. Nxc6
{[%clk 1:28:00]} Nxc6 {[%clk 1:31:45]} 8. e3 {[%clk 1:24:51]} Qd7
{[%clk 1:31:39]} 9. Qe2 {[%clk 1:20:47]} e5 {[%clk 1:28:13]} 10. O-O
{[%clk 1:18:31]} Rd8 {[%clk 1:28:09]} 11. Qxc4 {[%clk 1:09:12]} exd4
{[%clk 1:28:02]} 12. exd4 {[%clk 1:01:00]} Nxd4 {[%clk 1:18:16]} 13. Be3
{[%clk 0:49:52]} c5 {[%clk 1:12:51]} 14. Bxd4 {[%clk 0:48:18]} cxd4
{[%clk 1:12:21]} 15. Nd2 {[%clk 0:48:26]} Be7 {[%clk 1:11:29]} 16. Rad1
{[%clk 0:45:07]} Rc8 {[%clk 0:55:34]} 17. Qd3 {[%clk 0:43:19]} O-O
{[%clk 0:55:48]} 18. Nb3 {[%clk 0:43:07]} Rfd8 {[%clk 0:50:08]} 19. Qxd4
{[%clk 0:41:59]} Qxd4 {[%clk 0:49:06]} 20. Nxd4 {[%clk 0:40:27]} Kf8
{[%clk 0:48:46]} 21. Bf3 {[%clk 0:34:50]} g6 {[%clk 0:39:57]} 22. Nb3
{[%clk 0:32:01]} Rc2 {[%clk 0:37:37]} 23. Rxd8+ {[%clk 0:32:15]} Bxd8
{[%clk 0:38:02]} 24. Rd1 {[%clk 0:32:40]} Bb6 {[%clk 0:37:36]} 25. Rd2
{[%clk 0:33:04]} Rxd2 {[%clk 0:38:02]} 26. Nxd2 {[%clk 0:33:25]} Bd4
{[%clk 0:38:27]} 27. Bxb7 {[%clk 0:32:19]} Bxb2 {[%clk 0:38:24]} 28. Ne4
{[%clk 0:32:32]} Nxe4 {[%clk 0:38:50]} 29. Bxe4 {[%clk 0:32:58]} a5
{[%clk 0:39:16]} 30. a4 {[%clk 0:33:24]} Bd4 {[%clk 0:39:43]} 31. Bd5
{[%clk 0:33:50]} Kg7 {[%clk 0:40:09]} 32. Bc4 {[%clk 0:34:12]} h5
{[%clk 0:40:34]} 33. Kg2 {[%clk 0:34:34]} Bc5 {[%clk 0:41:00]} 34. h4
{[%clk 0:34:57]} Kf6 {[%clk 0:41:27]} 35. Kf3 {[%clk 0:35:23]} Bd4
{[%clk 0:41:55]} 36. Bd5 {[%clk 0:35:47]} Bc5 {[%clk 0:42:22]} 37. Bc4
{[%clk 0:36:13]} Bd4 {[%clk 0:42:50]} 38. Bd5 {[%clk 0:36:39]} Bc5
{[%clk 0:43:18]} 39. Bc4 {[%clk 0:37:05]} Bd4 {[%clk 0:43:46]} 40. Bd5
{[%clk 1:07:31]} Bc5 {[%clk 1:14:13]} 1/2-1/2

[Event "Team men PL final"]
[Site "Sochi"]
[Date "2018.05.07"]
[Round "6.18"]
[White "Oparin, Grigoriy"]
[Black "Yumakhuzhin, Vadim"]
[Result "1-0"]
[BlackElo "2184"]
[WhiteElo "2584"]
[LiveChessVersion "1.4.8"]

1. Nf3 {[%clk 1:30:57]} Nf6 {[%clk 1:30:53]} 2. g3 {[%clk 1:31:21]} g6
{[%clk 1:31:16]} 3. Bg2 {[%clk 1:31:43]} Bg7 {[%clk 1:31:34]} 4. c4
{[%clk 1:32:07]} O-O {[%clk 1:31:50]} 5. Nc3 {[%clk 1:32:32]} d6 {[%clk 1:31:39]}
6. O-O {[%clk 1:32:49]} c5 {[%clk 1:28:47]} 7. d4 {[%clk 1:32:48]} Nc6
{[%clk 1:23:26]} 8. dxc5 {[%clk 1:33:04]} dxc5 {[%clk 1:23:48]} 9. Be3
{[%clk 1:33:31]} Nd7 {[%clk 1:17:10]} 10. Qc1 {[%clk 1:19:58]} Re8
{[%clk 1:04:46]} 11. Rd1 {[%clk 1:17:26]} Qa5 {[%clk 0:57:05]} 12. Nd2
{[%clk 1:04:06]} Nd4 {[%clk 0:51:03]} 13. Bxd4 {[%clk 1:03:15]} cxd4
{[%clk 0:49:33]} 14. Nb5 {[%clk 1:03:39]} Qb6 {[%clk 0:43:52]} 15. Nb3
{[%clk 1:02:56]} e5 {[%clk 0:22:47]} 16. a4 {[%clk 1:02:59]} a6 {[%clk 0:15:44]}
17. a5 {[%clk 1:03:00]} Qd8 {[%clk 0:16:01]} 18. Nd6 {[%clk 1:03:21]} Re7
{[%clk 0:10:15]} 19. c5 {[%clk 0:59:33]} Nf8 {[%clk 0:04:26]} 20. Nd2
{[%clk 0:57:43]} Rb8 {[%clk 0:03:11]} 21. b4 {[%clk 0:56:32]} Ne6
{[%clk 0:02:39]} 22. N2c4 {[%clk 0:51:40]} Nc7 {[%clk 0:01:02]} 23. Qc2
{[%clk 0:44:07]} Nb5 {[%clk 0:00:34]} 24. Nxb5 {[%clk 0:44:01]} axb5
{[%clk 0:01:00]} 25. Nd6 {[%clk 0:44:26]} Be6 {[%clk 0:00:35]} 26. Nxb5
{[%clk 0:43:37]} h5 {[%clk 0:00:42]} 27. Nd6 {[%clk 0:43:08]} h4 {[%clk 0:00:59]}
28. Qd2 {[%clk 0:42:11]} Rd7 {[%clk 0:00:47]} 29. b5 Bf8 {[%clk 0:00:50]} 30. Ne4
{[%clk 0:26:19]} Bd5 {[%clk 0:01:15]} 31. Rdc1 {[%clk 0:26:44]} h3
{[%clk 0:01:09]} 32. Bh1 {[%clk 0:26:38]} f5 {[%clk 0:01:24]} 33. c6
{[%clk 0:26:38]} bxc6 {[%clk 0:00:36]} 34. bxc6 {[%clk 0:27:04]} fxe4
{[%clk 0:00:34]} 35. cxd7 {[%clk 0:27:28]} Qxd7 {[%clk 0:00:41]} 36. Qg5
{[%clk 0:25:05]} Qe6 {[%clk 0:00:32]} 37. Rab1 {[%clk 0:20:25]} Rxb1
{[%clk 0:00:36]} 38. Rxb1 {[%clk 0:20:50]} Be7 {[%clk 0:00:34]} 39. Qh6
{[%clk 0:20:09]} Bf8 {[%clk 0:00:31]} 40. Rb8 {[%clk 0:47:52]} Qd6
{[%clk 0:30:57]} 41. Rxf8+ {[%clk 0:48:17]} Qxf8 {[%clk 0:31:19]} 42. Qxg6+
{[%clk 0:48:44]} Qg7 {[%clk 0:27:08]} 43. Bxe4 {[%clk 0:47:55]} Bxe4
{[%clk 0:25:19]} 44. Qxe4 {[%clk 0:48:12]} Qc7 {[%clk 0:15:59]} 45. Qg4+
{[%clk 0:48:11]} Kf7 {[%clk 0:15:53]} 46. Qxh3 {[%clk 0:48:15]} Qxa5
{[%clk 0:15:59]} 47. Qf5+ {[%clk 0:48:38]} Kg7 {[%clk 0:16:08]} 48. Qe4
{[%clk 0:49:00]} Kf6 {[%clk 0:15:05]} 49. Kg2 {[%clk 0:49:25]} 1-0

[Event "Team men PL final"]
[Site "Sochi"]
[Date "2018.05.07"]
[Round "6.19"]
[White "Romanov, Evgeny"]
[Black "Tomashevsky, Evgeny"]
[Result "1-0"]
[BlackElo "2714"]
[WhiteElo "2619"]
[LiveChessVersion "1.4.8"]

1. c4 {[%clk 1:30:30]} Nf6 {[%clk 1:30:48]} 2. Nc3 {[%clk 1:30:20]} e5
{[%clk 1:31:08]} 3. Nf3 {[%clk 1:30:41]} Nc6 {[%clk 1:31:22]} 4. g3
{[%clk 1:31:00]} Bb4 {[%clk 1:31:35]} 5. Bg2 {[%clk 1:31:08]} O-O
{[%clk 1:31:28]} 6. O-O {[%clk 1:30:59]} e4 {[%clk 1:31:01]} 7. Ng5
{[%clk 1:29:53]} Bxc3 {[%clk 1:30:58]} 8. bxc3 {[%clk 1:30:17]} Re8
{[%clk 1:31:21]} 9. f3 {[%clk 1:30:40]} e3 {[%clk 1:31:43]} 10. d3
{[%clk 1:31:05]} d5 {[%clk 1:31:31]} 11. Qa4 {[%clk 1:31:18]} h6 {[%clk 1:30:54]}
12. cxd5 {[%clk 1:30:55]} Nxd5 {[%clk 1:30:49]} 13. Ne4 {[%clk 1:31:14]} f5
{[%clk 1:30:21]} 14. Nc5 {[%clk 1:22:41]} f4 {[%clk 1:29:32]} 15. Bb2
{[%clk 1:22:52]} Rb8 {[%clk 1:12:03]} 16. Rab1 {[%clk 1:04:40]} Qe7
{[%clk 0:29:54]} 17. c4 {[%clk 0:55:41]} Nb6 {[%clk 0:29:22]} 18. Qa3
{[%clk 0:52:15]} Bf5 {[%clk 0:26:39]} 19. gxf4 {[%clk 0:47:11]} Qh4
{[%clk 0:22:22]} 20. Qc3 {[%clk 0:44:42]} Re7 {[%clk 0:21:32]} 21. Qe1
{[%clk 0:43:15]} Qxf4 {[%clk 0:16:56]} 22. Qg3 {[%clk 0:43:00]} g5
{[%clk 0:15:06]} 23. Ne4 {[%clk 0:40:49]} Nd7 {[%clk 0:14:14]} 24. Qe1
{[%clk 0:38:19]} Kh7 {[%clk 0:05:29]} 25. Qc3 {[%clk 0:33:07]} Bg6
{[%clk 0:05:53]} 26. Bc1 {[%clk 0:26:32]} g4 {[%clk 0:03:38]} 27. d4
{[%clk 0:25:45]} gxf3 {[%clk 0:03:43]} 28. exf3 {[%clk 0:25:55]} Bxe4
{[%clk 0:02:39]} 29. fxe4 {[%clk 0:25:37]} Qh4 {[%clk 0:02:23]} 30. Bxe3
{[%clk 0:15:27]} Rg8 {[%clk 0:02:16]} 31. Bf4 {[%clk 0:15:16]} Nf6
{[%clk 0:00:57]} 32. Bg3 {[%clk 0:14:26]} Qg5 {[%clk 0:01:13]} 33. d5
{[%clk 0:12:36]} Nxe4 {[%clk 0:00:47]} 34. Bxe4+ {[%clk 0:10:43]} Rxe4
{[%clk 0:01:16]} 35. Qd3 {[%clk 0:09:09]} 1-0

[Event "Team men PL final"]
[Site "Sochi"]
[Date "2018.05.07"]
[Round "6.20"]
[White "Shirov, Alexei"]
[Black "Alekseev, Evgeny"]
[Result "1/2-1/2"]
[BlackElo "2622"]
[WhiteElo "2652"]
[LiveChessVersion "1.4.8"]

1. e4 {[%clk 1:30:57]} e6 {[%clk 1:30:41]} 2. d4 {[%clk 1:31:19]} d5
{[%clk 1:31:01]} 3. Nc3 {[%clk 1:31:34]} dxe4 {[%clk 1:25:43]} 4. Nxe4
{[%clk 1:31:58]} Nd7 {[%clk 1:26:05]} 5. g4 {[%clk 1:27:55]} Ngf6
{[%clk 1:21:35]} 6. Nxf6+ {[%clk 1:27:58]} Nxf6 {[%clk 1:21:09]} 7. g5
{[%clk 1:27:49]} Nd5 {[%clk 1:19:29]} 8. Nf3 {[%clk 1:27:17]} c5 {[%clk 1:12:22]}
9. c4 {[%clk 1:16:25]} Ne7 {[%clk 1:02:32]} 10. dxc5 {[%clk 0:58:45]} Qxd1+
{[%clk 1:00:08]} 11. Kxd1 {[%clk 0:59:10]} Nf5 {[%clk 1:00:14]} 12. c6
{[%clk 0:59:24]} bxc6 {[%clk 0:58:58]} 13. Bd3 {[%clk 0:57:33]} g6
{[%clk 0:52:05]} 14. Bf4 {[%clk 0:49:24]} h6 {[%clk 0:46:42]} 15. Be5
{[%clk 0:43:34]} Rh7 {[%clk 0:46:23]} 16. Kc2 {[%clk 0:42:26]} Bb7
{[%clk 0:45:00]} 17. Be4 {[%clk 0:27:18]} hxg5 {[%clk 0:42:44]} 18. Nxg5
{[%clk 0:27:44]} Rh5 {[%clk 0:38:26]} 19. h4 {[%clk 0:21:12]} Rd8
{[%clk 0:19:58]} 20. Rh3 {[%clk 0:13:44]} Be7 {[%clk 0:08:08]} 21. Rg1
{[%clk 0:08:11]} Ba8 {[%clk 0:06:08]} 22. Bxf5 {[%clk 0:06:06]} gxf5
{[%clk 0:06:04]} 23. f4 {[%clk 0:06:01]} c5 {[%clk 0:05:09]} 24. Rgg3
{[%clk 0:01:24]} Bc6 {[%clk 0:02:49]} 25. Ra3 {[%clk 0:01:17]} Ra8
{[%clk 0:01:21]} 26. Ra6 {[%clk 0:00:59]} Bb7 {[%clk 0:01:38]} 27. Ra5
{[%clk 0:01:22]} Bc8 {[%clk 0:01:57]} 28. Nf3 {[%clk 0:00:57]} f6
{[%clk 0:02:12]} 29. Bc3 {[%clk 0:01:16]} Bb7 {[%clk 0:02:30]} 30. Nd2
{[%clk 0:01:30]} a6 {[%clk 0:00:55]} 31. Ra3 {[%clk 0:01:56]} Kf7
{[%clk 0:00:53]} 32. Rb3 {[%clk 0:02:20]} Bg2 {[%clk 0:00:53]} 33. Rh2
{[%clk 0:01:35]} Rg8 {[%clk 0:00:54]} 34. Rb6 {[%clk 0:01:59]} Rg4
{[%clk 0:01:09]} 35. Rxa6 {[%clk 0:02:22]} Rhxh4 {[%clk 0:01:29]} 36. Rxh4
{[%clk 0:02:30]} Rxh4 {[%clk 0:01:58]} 37. Ra7 {[%clk 0:02:47]} Ke8
{[%clk 0:01:29]} 38. Ra6 {[%clk 0:00:49]} Kd7 {[%clk 0:01:36]} 39. Ra7+
{[%clk 0:01:13]} Ke8 {[%clk 0:02:04]} 40. Ra6 {[%clk 0:31:32]} Kd7
{[%clk 0:31:17]} 1/2-1/2

[Event "Team men PL final"]
[Site "Sochi"]
[Date "2018.05.07"]
[Round "6.21"]
[White "Lobanov, Sergei"]
[Black "Malakhov, Vladimir"]
[Result "1-0"]
[BlackElo "2691"]
[WhiteElo "2515"]
[LiveChessVersion "1.4.8"]

1. e4 {[%clk 1:30:58]} e5 {[%clk 1:30:29]} 2. Nf3 {[%clk 1:31:23]} Nc6
{[%clk 1:30:55]} 3. Bc4 {[%clk 1:31:14]} Bc5 {[%clk 1:31:08]} 4. c3
{[%clk 1:31:34]} Nf6 {[%clk 1:31:21]} 5. d4 {[%clk 1:31:53]} exd4
{[%clk 1:31:32]} 6. e5 {[%clk 1:32:16]} d5 {[%clk 1:31:09]} 7. Bb5
{[%clk 1:32:40]} Ne4 {[%clk 1:31:27]} 8. cxd4 {[%clk 1:33:03]} Bb6
{[%clk 1:31:25]} 9. Nc3 {[%clk 1:33:21]} O-O {[%clk 1:31:03]} 10. Be3
{[%clk 1:33:46]} Bg4 {[%clk 1:30:35]} 11. h3 {[%clk 1:33:43]} Bh5
{[%clk 1:30:48]} 12. Qc2 {[%clk 1:32:37]} Bg6 {[%clk 1:30:29]} 13. Qb3
{[%clk 1:32:48]} Ne7 {[%clk 1:30:40]} 14. O-O {[%clk 1:33:04]} c6
{[%clk 1:29:09]} 15. Bd3 {[%clk 1:33:27]} Nd2 {[%clk 1:23:49]} 16. Nxd2
{[%clk 1:33:42]} Bxd3 {[%clk 1:24:14]} 17. Rfe1 {[%clk 1:34:08]} Bg6
{[%clk 1:20:16]} 18. Na4 {[%clk 1:34:10]} Nf5 {[%clk 1:20:34]} 19. Qc3
{[%clk 1:32:53]} f6 {[%clk 0:56:12]} 20. Nxb6 {[%clk 1:16:09]} Qxb6
{[%clk 0:51:24]} 21. Nf3 {[%clk 1:08:21]} Nxe3 {[%clk 0:43:43]} 22. Rxe3
{[%clk 1:08:39]} Rae8 {[%clk 0:44:10]} 23. Rae1 {[%clk 1:06:18]} Qd8
{[%clk 0:42:06]} 24. exf6 {[%clk 1:03:13]} gxf6 {[%clk 0:39:49]} 25. Nh4
{[%clk 0:54:05]} Rxe3 {[%clk 0:38:51]} 26. Rxe3 {[%clk 0:54:21]} Re8
{[%clk 0:36:53]} 27. Rg3 {[%clk 0:52:15]} Kf7 {[%clk 0:37:18]} 28. Qd2
{[%clk 0:47:36]} Re4 {[%clk 0:30:10]} 29. Qh6 {[%clk 0:45:32]} Qg8
{[%clk 0:30:20]} 30. Rb3 {[%clk 0:34:20]} b6 {[%clk 0:28:46]} 31. Ra3
{[%clk 0:29:53]} a5 {[%clk 0:27:37]} 32. Rc3 {[%clk 0:30:05]} Qg7
{[%clk 0:16:21]} 33. Qxg7+ {[%clk 0:29:11]} Kxg7 {[%clk 0:16:50]} 34. Nxg6
{[%clk 0:29:29]} Kxg6 {[%clk 0:17:16]} 35. Rxc6 {[%clk 0:29:46]} Rxd4
{[%clk 0:17:35]} 36. Rxb6 {[%clk 0:29:52]} Rd1+ {[%clk 0:18:00]} 37. Kh2
{[%clk 0:30:18]} d4 {[%clk 0:18:28]} 38. Kg3 {[%clk 0:27:26]} d3 {[%clk 0:18:57]}
39. Kf3 {[%clk 0:23:25]} Ra1 {[%clk 0:19:19]} 40. Ke3 {[%clk 0:53:01]} Rxa2
{[%clk 0:49:44]} 41. Kxd3 {[%clk 0:53:28]} a4 {[%clk 0:49:06]} 42. Kc2
{[%clk 0:46:25]} Ra1 {[%clk 0:49:25]} 43. Rb4 {[%clk 0:41:40]} a3
{[%clk 0:44:35]} 44. Rg4+ {[%clk 0:41:50]} Kf5 {[%clk 0:45:01]} 45. b4
{[%clk 0:34:45]} h5 {[%clk 0:45:13]} 46. Rc4 {[%clk 0:32:22]} Ra2+
{[%clk 0:45:34]} 47. Kb3 {[%clk 0:32:47]} Rxf2 {[%clk 0:46:00]} 48. Rc2
{[%clk 0:29:06]} Rf1 {[%clk 0:42:41]} 49. Kxa3 {[%clk 0:29:20]} Ke6
{[%clk 0:43:08]} 50. Rd2 {[%clk 0:26:57]} f5 {[%clk 0:43:25]} 51. b5
{[%clk 0:27:23]} f4 {[%clk 0:43:53]} 52. Kb4 {[%clk 0:25:45]} Rb1+
{[%clk 0:44:06]} 53. Kc5 {[%clk 0:26:01]} Rc1+ {[%clk 0:44:33]} 54. Kb6
{[%clk 0:26:12]} f3 {[%clk 0:43:58]} 55. gxf3 {[%clk 0:21:08]} Rh1
{[%clk 0:44:23]} 56. Kc7 {[%clk 0:20:19]} Rxh3 {[%clk 0:44:48]} 57. b6
{[%clk 0:20:33]} Rxf3 {[%clk 0:44:49]} 58. Rd6+ {[%clk 0:20:56]} 1-0

[Event "Team men PL final"]
[Site "Sochi"]
[Date "2018.05.07"]
[Round "6.22"]
[White "Rublevsky, Sergei"]
[Black "Usmanov, Vasily"]
[Result "1-0"]
[BlackElo "2472"]
[WhiteElo "2665"]
[LiveChessVersion "1.4.8"]

1. e4 {[%clk 1:30:58]} e6 {[%clk 1:30:55]} 2. d4 {[%clk 1:31:25]} d5
{[%clk 1:31:21]} 3. Nd2 {[%clk 1:31:49]} dxe4 {[%clk 1:31:45]} 4. Nxe4
{[%clk 1:32:12]} Bd7 {[%clk 1:32:11]} 5. Nf3 {[%clk 1:31:38]} Bc6
{[%clk 1:32:36]} 6. Bd3 {[%clk 1:31:37]} Nd7 {[%clk 1:33:00]} 7. O-O
{[%clk 1:31:27]} Ngf6 {[%clk 1:33:13]} 8. Ng3 {[%clk 1:31:40]} g6
{[%clk 1:33:16]} 9. c4 {[%clk 1:30:59]} Bg7 {[%clk 1:33:33]} 10. b4
{[%clk 1:30:24]} Bxf3 {[%clk 1:29:38]} 11. Qxf3 {[%clk 1:30:48]} c6
{[%clk 1:30:02]} 12. Rb1 {[%clk 1:25:30]} O-O {[%clk 1:29:24]} 13. Be3
{[%clk 1:24:11]} e5 {[%clk 1:22:15]} 14. d5 {[%clk 1:12:23]} cxd5
{[%clk 1:20:36]} 15. cxd5 {[%clk 1:12:46]} Qe7 {[%clk 1:00:23]} 16. Rfd1
{[%clk 1:10:26]} Qd6 {[%clk 0:59:03]} 17. Bb5 {[%clk 1:08:28]} Rfd8
{[%clk 0:54:29]} 18. Bg5 {[%clk 1:00:30]} h6 {[%clk 0:44:46]} 19. Bh4
{[%clk 0:54:27]} Qb6 {[%clk 0:29:40]} 20. Bxd7 {[%clk 0:50:00]} Rxd7
{[%clk 0:30:03]} 21. Bxf6 {[%clk 0:40:34]} Bxf6 {[%clk 0:30:29]} 22. Ne4
{[%clk 0:39:38]} Bg7 {[%clk 0:30:46]} 23. h4 {[%clk 0:33:50]} Rad8
{[%clk 0:24:05]} 24. h5 {[%clk 0:31:02]} Kh8 {[%clk 0:22:38]} 25. Rbc1
{[%clk 0:19:49]} Qxb4 {[%clk 0:19:52]} 26. hxg6 {[%clk 0:18:14]} fxg6
{[%clk 0:20:12]} 27. d6 {[%clk 0:16:36]} b6 {[%clk 0:19:22]} 28. Qg4
{[%clk 0:15:36]} g5 {[%clk 0:12:06]} 29. Rc7 {[%clk 0:14:14]} Qa4
{[%clk 0:11:33]} 30. Rd3 {[%clk 0:11:42]} Qxa2 {[%clk 0:06:37]} 31. Rxd7
{[%clk 0:11:10]} Rxd7 {[%clk 0:07:02]} 32. Qxd7 {[%clk 0:11:05]} Qb1+
{[%clk 0:07:29]} 33. Kh2 {[%clk 0:11:32]} Qxd3 {[%clk 0:07:54]} 34. Qc8+
{[%clk 0:10:31]} Kh7 {[%clk 0:08:22]} 35. d7 {[%clk 0:08:42]} 1-0